|
|
|
|
| LEADER |
00000nam0a2200000 4500 |
| 001 |
316605 |
| 005 |
20231102002906.0 |
| 035 |
|
|
|a (RuTPU)RU\TPU\book\342056
|
| 090 |
|
|
|a 316605
|
| 100 |
|
|
|a 20160324d1982 k y0rusy50 ca
|
| 101 |
0 |
|
|a rus
|
| 102 |
|
|
|a RU
|
| 105 |
|
|
|a y z 101zy
|
| 200 |
1 |
|
|a XI конгресс ИНКВА
|e тезисы докладов, Москва, август 1982 года
|h Т. 3
|f Международный союз по изучению четвертичного периода
|
| 210 |
|
|
|a Москва
|c [Б. и.]
|d 1982
|
| 215 |
|
|
|a 367 с.
|
| 320 |
|
|
|a Указатель соавторов и сложных фамилий: с. 365-367
|
| 606 |
1 |
|
|a Четвертичные отложения
|2 stltpush
|3 (RuTPU)RU\TPU\subj\18734
|9 44113
|
| 610 |
1 |
|
|a историко-археологические проблемы
|
| 610 |
1 |
|
|a археология
|
| 610 |
1 |
|
|a периодизация
|
| 610 |
1 |
|
|a стратифицированныемногослойные памятники
|
| 610 |
1 |
|
|a четвертичный период
|
| 610 |
1 |
|
|a исследование
|
| 610 |
1 |
|
|a конгрессы
|
| 675 |
|
|
|a 551.79(063)
|v 4
|
| 712 |
0 |
2 |
|a Международный союз по изучению четвертичного периода
|2 stltpush
|3 (RuTPU)RU\TPU\col\27486
|9 28674
|
| 712 |
1 |
2 |
|a Конгресс ИНКВА
|d 11
|e Москва
|f 1982
|
| 801 |
|
1 |
|a RU
|b 63413507
|c 20160324
|
| 801 |
|
2 |
|a RU
|b 63413507
|c 20200529
|g RCR
|
| 942 |
|
|
|c BK
|